[Event "East Kilbride Weekly op 4th"]
[Site "East Kilbride"]
[Date "2011.05.26"]
[Round "4"]
[White "Mitchell, Mike"]
[Black "Reilly, Andrew"]
[Result "1-0"]
[WhiteElo "1357"]
[BlackElo "989"]
[PlyCount "101"]
[EventDate "2011.05.??"]
[EventType "swiss"]
[EventRounds "5"]
[EventCountry "SCO"]
[SourceTitle "EXT 2023"]
[Source "ChessBase"]
[SourceDate "2022.10.05"]
[SourceVersion "1"]
[SourceVersionDate "2022.10.05"]
[SourceQuality "1"]

1. d4 Nf6 2. c4 g6 3. Nc3 Bg7 4. e4 d6 5. Be2 Qd7 6. Nf3 c5 7. d5 e6 8. 0-0 exd5 9. exd5 0-0 10. Re1 Re8 11. Bd3 Rxe1+ 12. Qxe1 Qe8 13. Bf4 Qxe1+ 14. Rxe1 Bf8 15. Nb5 a6 16. Nxd6 Bxd6 17. Bxd6 b5 18. Bxc5 bxc4 19. Bxc4 Nbd7 20. Bd4 Kg7 21. Ne5 Nxe5 22. Bxe5 g5 23. d6 Be6 24. Bxe6 fxe6 25. Rc1 Kg6 26. Bxf6 Kxf6 27. g4 Rd8 28. Rd1 e5 29. Kg2 Ke6 30. d7 Rxd7 31. Rxd7 Kxd7 32. Kf3 Kd6 33. Ke4 Ke6 34. b4 h6 35. a4 Kd6 36. b5 axb5 37. axb5 Kc5 38. Kxe5 Kxb5 39. Kf5 Kc4 40. Kg6 Kd3 41. Kxh6 Ke2 42. Kxg5 Kxf2 43. h4 Kf3 44. h5 Ke4 45. h6 Ke5 46. h7 Ke6 47. h8Q Kf7 48. Qf6+ Kg8 49. Qe7 Kh8 50. Kg6 Kg8 51. Qe8# 1-0

[Event "East Kilbride Weekly op 4th"]
[Site "East Kilbride"]
[Date "2011.05.19"]
[Round "3"]
[White "Reilly, Andrew"]
[Black "Thomas, Daniel"]
[Result "0-1"]
[WhiteElo "803"]
[BlackElo "1431"]
[PlyCount "60"]
[EventDate "2011.05.??"]
[EventType "swiss"]
[EventRounds "5"]
[EventCountry "SCO"]
[SourceTitle "EXT 2023"]
[Source "ChessBase"]
[SourceDate "2022.10.05"]
[SourceVersion "1"]
[SourceVersionDate "2022.10.05"]
[SourceQuality "1"]

1. e4 d5 2. exd5 Qxd5 3. Nf3 Bg4 4. Nc3 Qe6+ 5. Qe2 Qxe2+ 6. Bxe2 c6 7. 0-0 Nd7 8. h3 Bh5 9. Nd4 Bxe2 10. Ndxe2 e6 11. d3 Ngf6 12. Bg5 Bd6 13. Bxf6 Nxf6 14. Ne4 Nxe4 15. dxe4 Ke7 16. b3 Be5 17. Rad1 Rhd8 18. Rxd8 Rxd8 19. f4 Bc7 20. f5 Bb6+ 21. Kh2 Rd2 22. Nc1 Rxc2 23. fxe6 fxe6 24. Re1 Bf2 25. Rd1 Be3 26. Nd3 Rxa2 27. Ne5 Bf4+ 28. Kh1 Bxe5 29. Rd3 Ra1+ 30. Rd1 Rxd1# 0-1